Statistics for Random Trivia Quiz #1

Click here to take the quiz!

General Stats

  • This quiz has been taken 31 times
  • The average score is 7 of 24

Answer Stats

HintAnswer% Correct
Last president of the Soviet Union, famous for his birthmarkMikhail Gorbachev
69%
Author with Indian descent, wrote "Animal Farm"George Orwell
62%
Scientist that studies earthquakesSeismologist
62%
World wide american actress with a song by Elton JohnMarilyn Monroe
55%
Last letter of the greek alphabet, also a name of a famous clock brandOmega
55%
Famous Beatles song starting with the lines: " ___ in the way she moves, attracts me like no other lover"Something
45%
The last word in the sentence: "Ginger, Posh, Scary, Baby, ..."Sporty
45%
Movie from 1987, the most famous quote being: "My name is Inigo Montoya, you've killed my father, prepare to die"The Princess Bride
45%
American president who was assainated, succeded by Chester ArthurJames Garfield
34%
1980's tv-show starring a bartender namned IsaacLove Boat
31%
Napoleons first wife, born on the island of MartiniqueJoséphine
28%
Transcription device found by Napoleons troups in 1799, later used to translate hieroglyphsRosetta Stone
28%
Three letter combination refering to a completed mathematical proof, or a field in particle physicsQ.E.D
24%
Another name for Ethiopia, from the arabic word Al-HabashAbyssinia
21%
The second largest of Jupiters moon, namned after a greek nymphCallisto
21%
Ancient carvings in modern-day PeruNazca Lines
17%
A form of bride kidnapping practiced in Kyrgystan, litteraly means "take a young bride and run away"Ala kachuu
7%
Bohemian composer from modern-day Czech RepublicAntonin Dvorák
7%
The names of the main characters i Austen's book "Pride and Prejudice"Elizabeth, Fitzwilliam
3%
Estonian atheltic who won a gold medal during the 2000 olympic games in SydneyErki Nool
3%
Egyptian neoplatonistic mathematician from Alexandria 300 years A.DHypatia
3%
The final stage of an insectImago
3%
Common dressing with the names, ethymology arriving from the South Chineese word for "fish sauce"Ketchup
3%
A phenomenon shown in gemstone, derives from the greek words for "many" and "colors"Pleochroism
3%

Score Distribution

Percentile by Number Answered

Percent of People with Each Score

Your Score History

You have not taken this quiz